World Cup 2022 Goal Scorers - Statistics

General Stats
  • This quiz has been taken 12 times
  • The average score is 50 of 172
Answer Stats
Team Minute Result Goalscorer % Correct
Ecuador 16' 0 - 1 Enner Valencia
82%
Ecuador 31' 0 - 2 Enner Valencia
73%
Argentina 36' 2 - 0 Ángel Di María
64%
Wales 82' 1 - 1 Gareth Bale
64%
France 80' 2 - 1 Kylian Mbappe
64%
France 81' 2 - 2 Kylian Mbappe
64%
France 118' 3 - 3 Kylian Mbappe
64%
Argentina 10' 1 - 0 Lionel Messi
64%
Argentina 23' 1 - 0 Lionel Messi
64%
Argentina 108' 3 - 2 Lionel Messi
64%
England 43' 2 - 0 Bukayo Saka
55%
England 62' 4 - 0 Bukayo Saka
55%
Portugal 65' 1 - 0 Cristiano Ronaldo
55%
France 68' 3 - 1 Kylian Mbappe
55%
Spain 90'+2 7 - 0 Alvaro Morata
45%
Netherlands 84' 0 - 1 Cody Gakpo
45%
Ecuador 49' 1 - 1 Enner Valencia
45%
Spain 31' 3 - 0 Ferran Torres
45%
Spain 54' 4 - 0 Ferran Torres
45%
England 35' 1 - 0 Jude Bellingham
45%
Argentina 57' 2 - 0 Julián Alvarez
45%
Argentina 39' 2 - 0 Julián Alvarez
45%
France 61' 1 - 0 Kylian Mbappé
45%
France 86' 2 - 1 Kylian Mbappé
45%
Argentina 64' 1 - 0 Lionel Messi
45%
Argentina 35' 1 - 0 Lionel Messi
45%
Argentina 34' 1 - 0 Lionel Messi
45%
England 71' 5 - 1 Marcus Rashford
45%
Brazil 105'+1 0 - 1 Neymar
45%
France 32' 2 - 1 Olivier Giroud
45%
France 71' 4 - 1 Olivier Giroud
45%
Brazil 62' 1 - 0 Richarlison
45%
Brazil 73' 2 - 0 Richarlison
45%
Poland 82' 2 - 0 Robert Lewandowski
45%
Saudi Arabia 53' 1 - 2 Salem Al-Dawsari
45%
Argentina 46' 0 - 1 Alexis Mac Allister
36%
Spain 62' 1 - 0 Alvaro Morata
36%
Ghana 73' 1 - 1 André Ayew
36%
France 17' 0 - 1 Aurélien Tchouaméni
36%
Portugal 54' 1 - 0 Bruno Fernandes
36%
Portugal 90'+3 2 - 0 Bruno Fernandes
36%
USA 38' 0 - 1 Christian Pulišić
36%
Netherlands 6' 1 - 0 Cody Gakpo
36%
Netherlands 26' 1 - 0 Cody Gakpo
36%
Spain 11' 1 - 0 Dani Olmo
36%
Netherlands 90'+9 0 - 2 Davy Klaassen
36%
Argentina 87' 2 - 0 Enzo Fernández
36%
Spain 74' 5 - 0 Gavi
36%
Portugal 17' 1 - 0 Gonçalo Ramos
36%
Portugal 51' 3 - 0 Gonçalo Ramos
36%
Portugal 67' 5 - 1 Gonçalo Ramos
36%
England 54' 1 - 1 Harry Kane
36%
Argentina 67' 0 - 2 Julián Alvarez
36%
France 74' 2 - 0 Kylian Mbappe
36%
France 90'+1 3 - 0 Kylian Mbappe
36%
Argentina 73' 0 - 2 Lionel Messi
36%
Brazil 36' 4 - 0 Lucas Paquetá
36%
England 50' 0 - 1 Marcus Rashford
36%
Iran 65' 4 - 1 Mehdi Taremi
36%
Iran 90'+13 6 - 2 Mehdi Taremi
36%
Ecuador 67' 1 - 1 Moisés Caicedo
36%
Brazil 13' 2 - 0 Neymar
36%
France 44' 1 - 0 Olivier Giroud
36%
France 78' 1 - 2 Olivier Giroud
36%
Poland 39' 1 - 0 Piotr Zielinski
36%
Portugal 80' 3 - 1 Rafael Leão
36%
Brazil 29' 3 - 0 Richarlison
36%
USA 36' 1 - 0 Timothy Weah
36%
Netherlands 83' 1 - 2 Wout Weghorst
36%
Netherlands 90'+11 2 - 2 Wout Weghorst
36%
Morocco 42' 1 - 0 Youssef En-Nesyri
36%
France 27' 1 - 1 Adrien Rabiot
27%
Serbia 53' 1 - 3 Aleksandar Mitrović
27%
Canada 2' 0 - 1 Alphonso Davies
27%
Spain 11' 0 - 1 Alvaro Morata
27%
Denmark 68' 1 - 1 Andreas Christensen
27%
Switzerland 48' 1 - 0 Breel Embolo
27%
England 57' 3 - 0 Bukayo Saka
27%
Brazil 83' 1 - 0 Casemiro
27%
Australia 9' 0 - 1 Craig Goodwin
27%
Netherlands 49' 2 - 0 Frenkie de Jong
27%
Morocco 4' 0 - 1 Hakim Ziyech
27%
England 45'+3 2 - 0 Harry Kane
27%
Germany 33' 1 - 0 İlkay Gündoğan
27%
Croatia 55' 1 - 1 Ivan Perišić
27%
England 90' 6 - 1 Jack Grealish
27%
Portugal 78' 2 - 1 João Félix
27%
England 39' 1 - 0 Jordan Henderson
27%
Argentina 69' 3 - 0 Julián Alvarez
27%
Germany 73' 2 - 2 Kai Havertz
27%
Germany 85' 2 - 3 Kai Havertz
27%
Spain 21' 2 - 0 Marco Asensio
27%
England 68' 0 - 3 Marcus Rashford
27%
Belgium 44' 1 - 0 Michy Batshuayi
27%
Argentina 35' 0 - 1 Nahuel Molina
27%
Germany 83' 1 - 1 Niclas Fullkrug
27%
Portugal 33' 2 - 0 Pepe
27%
England 51' 0 - 2 Phil Foden
27%
Portugal 90'+2 6 - 1 Rafael Leão
27%
England 45'+1 3 - 0 Raheem Sterling
27%
France 79' 2 - 0 Randal Kolo Muani
27%
Poland 90'+9 3 - 1 Robert Lewandowski
27%
Saudi Arabia 90'+5 1 - 2 Salem Al-Dawsari
27%
France 5' 1 - 0 Theo Hernandez
27%
Cameroon 63' 2 - 3 Vincent Aboubakar
27%
Cameroon 90'+2 1 - 0 Vincent Aboubakar
27%
Senegal 84' 1 - 3 Ahmadou Bamba Dieng
18%
Serbia 26' 1 - 1 Aleksandar Mitrović
18%
Croatia 36' 1 - 1 Andrej Kramarić
18%
Croatia 70' 3 - 1 Andrej Kramarić
18%
Senegal 41' 0 - 1 Boulaye Dia
18%
Croatia 117' 1 - 1 Bruno Petković
18%
Spain 90' 6 - 0 Carlos Soler
18%
Australia(Argentina o.g.) 77' 2 - 1 Enzo Fernandez
18%
Senegal 48' 0 - 2 Famara Diedhiou
18%
Senegal 44' 0 - 1 Ismaïla Sarr
18%
Croatia 7' 1 - 0 Joško Gvardiol
18%
Senegal 70' 1 - 2 Kalidou Koulibaly
18%
Costa Rica 81' 0 - 1 Keysher Fuller
18%
Croatia 90'+4 4 - 1 Lovro Majer
18%
Mexico 52' 0 - 2 Luis Chávez
18%
Netherlands 10' 1 - 0 Memphis Depay
18%
Australia 23' 0 - 1 Mitchell Duke
18%
Ghana 34' 0 - 2 Mohammed Kudus
18%
Ghana 68' 2 - 3 Mohammed Kudus
18%
Qatar 78' 1 - 2 Mohammed Muntari
18%
Ghana 89' 3 - 2 Osman Bukari
18%
Iran 90'+11 0 - 2 Ramin Rezaeian
18%
Japan 75' 1 - 1 Ritsu Doan
18%
Iran 90'+8 0 - 1 Roozbeh Cheshmi
18%
Saudi Arabia 48' 1 - 1 Saleh Al-Shehri
18%
Japan 83' 1 - 2 Takuma Asano
18%
Brazil 7' 1 - 0 Vinícius Jr.
18%
Tunisia 58' 1 - 0 Wahbi Khazri
18%
Switzerland 20' 0 - 1 Xherdan Shaqiri
18%
Morocco 90'+2 0 - 2 Zakaria Aboukhlal
18%
Morocco 9' 1 - 1 Achraf Dari
9%
Japan 51' 2 - 1 Ao Tanaka
9%
Switzerland 44' 2 - 2 Breel Embolo
9%
Japan 43' 1 - 0 Daizen Maeda
9%
Netherlands 45'+1 2 - 0 Daley Blind
9%
Netherlands 81' 3 - 1 Denzel Dumfries
9%
Serbia 35' 2 - 1 Dušan Vlahović
9%
Cameroon 66' 3 - 3 Eric Maxim Choupo-Moting
9%
Uruguay 26' 0 - 1 Giorgian de Arrascaeta
9%
Uruguay 32' 0 - 2 Giorgian de Arrascaeta
9%
South Korea 58' 1 - 2 Gue-sung Cho
9%
South Korea 61' 2 - 2 Gue-sung Cho
9%
USA 76' 2 - 1 Haji Wright
9%
South Korea 90'+1 2 - 1 Hee-Chan Hwang
9%
Mexico 47' 0 - 1 Henry Martín
9%
Cameroon 29' 1 - 0 Jean-Charles Castelletto
9%
South Korea 27' 1 - 1 Kim Young-gwon
9%
Switzerland 58' 4 - 1 Manuel Akanji
9%
Croatia 44' 2 - 1 Marko Livaja
9%
Australia 60' 1 - 0 Mathew Leckie
9%
Croatia 42' 2 - 1 Mislav Oršić
9%
Ghana 24' 0 - 1 Mohammed Salisu
9%
Canada (o.g. by Morocco) 40' 1 - 2 Nayef Aguerd
9%
Germany 89' 2 - 4 Niclas Fullkrug
9%
Portugal 55' 4 - 0 Raphael Guerreiro
9%
Switzerland 48' 2 - 3 Remo Freuler
9%
Portugal 5' 0 - 1 Ricardo Horta
9%
Japan 48' 1 - 1 Ritsu Doan
9%
Morocco 73' 0 - 1 Romain Saiss
9%
Germany 10' 0 - 1 Serge Gnabry
9%
Serbia 45'+3 1 - 2 Sergej Milinković-Savić
9%
Serbia 45'+1 1 - 1 Strahinja Pavlović
9%
Costa Rica 58' 1 - 1 Yeltsin Tejeda
9%
Morocco 23' 0 - 2 Youssef En-Nesyri
9%
Costa Rica 70' 2 - 1 Juan Pablo Vargas
0%
South Korea 76' 4 - 1 Seung-Ho Paik
0%
No matching quizzes found
Score Distribution
Percent of People with Each Score
Percentile by Number Answered
Your Score History
You have not taken this quiz